Toutes les Communes du Canton de Bayeux sur une carte - Statistiques

Statistiques générales
  • Ce quiz a été pris 69 fois
  • Le résultat moyen est 11 sur 34
Réponses sur la Carte
Les réponses sont colorées sur une échelle allant du rouge au vert en fonction du pourcentage des utilisateurs qui les ont devinées à leur premier essai. Vous pouvez retrouver ces pourcentages ci-dessous.
 
Statistiques - réponses
Communes % Correct
Bayeux
95%
Saint-Vigor-le-Grand
76%
Port-en-Bessin-Huppain
66%
Saint-Martin-des-Entrées
51%
Saint-Loup-Hors
49%
Vaucelles
49%
Subles
46%
Vaux-sur-Aure
46%
Barbeville
39%
Commes
37%
Monceaux-en-Bessin
37%
Sommervieu
37%
Ranchy
34%
Longues-sur-Mer
32%
Arganchy
29%
Esquay-sur-Seulles
29%
Guéron
29%
Ryes
29%
Agy
27%
Cussy
27%
Ellon
27%
Sully
27%
Vaux-sur-Seulles
24%
Juaye-Mondaye
22%
Nonant
22%
Tracy-sur-Mer
20%
Campigny
17%
Cottun
17%
Magny-en-Bessin
17%
Vienne-en-Bessin
17%
Chouain
12%
Le Manoir
12%
Manvieux
12%
Condé-sur-Seulles
10%
Aucun quiz correspondant
Distribution des résultats
% des personnes avec chaque résultat
Percentile par nombre de réponses
Votre historique - résultats
Vous n’avez pas pris ce quiz